000 00418cam a2200181 4500
001 D9041
008 090401t1960 xxu||||| |||| 00| 0 eng d
035 _a(Sirsi) u17098
041 _aeng
100 _aStewart-Brown, R.D
245 2 _aA guide to compulsory purchase and compensation
250 _a4th
260 _bSweet & Maxwell
_c1960
300 _a135p
350 _a0
942 _n0
948 _c04/03/1997
999 _c87474
_d87474